<?xml version="1.0" encoding="UTF-8"?>
<collection xmlns="http://www.loc.gov/MARC21/slim">
  <record>
    <leader>00000nam  2200000   4500</leader>
    <controlfield tag="001">INLIS000000000009265</controlfield>
    <controlfield tag="005">20201007123637</controlfield>
    <datafield tag="035" ind1="#" ind2="#">
      <subfield code="a">0010-1020000021</subfield>
    </datafield>
    <datafield tag="245" ind1="1" ind2="#">
      <subfield code="a">Peningkatan Pelayanan Penjualan dan Perbanyakan Benih pada UPTD BBI Tanaman Pangan dan Hortikultural Loa Janan /</subfield>
      <subfield code="c">E.M. Husiani Idroes, S.Sos</subfield>
    </datafield>
    <datafield tag="100" ind1="1" ind2="#">
      <subfield code="a">IDROES, E.E. Husiani</subfield>
    </datafield>
    <datafield tag="250" ind1="#" ind2="#">
      <subfield code="a">1</subfield>
    </datafield>
    <datafield tag="300" ind1="#" ind2="#">
      <subfield code="a">ii, 22 halaman ; lampiran :</subfield>
      <subfield code="b">ilustrasi ;</subfield>
      <subfield code="c">30 cm</subfield>
    </datafield>
    <datafield tag="260" ind1="#" ind2="#">
      <subfield code="a">Samarinda :</subfield>
      <subfield code="b">Puslatbang KDOD,</subfield>
      <subfield code="c">2020</subfield>
    </datafield>
    <datafield tag="084" ind1="#" ind2="#">
      <subfield code="a">PKP 019 2020</subfield>
    </datafield>
    <datafield tag="650" ind1="#" ind2="#">
      <subfield code="a">Proyek Perubahan</subfield>
    </datafield>
    <datafield tag="650" ind1="#" ind2="#">
      <subfield code="a">Benih Tanaman</subfield>
    </datafield>
    <datafield tag="650" ind1="#" ind2="#">
      <subfield code="a">pelayanan pertanian</subfield>
    </datafield>
    <datafield tag="500" ind1="#" ind2="#">
      <subfield code="a">Coach : M. abdi Rahman, S.Sos, M.Si&#13;
Penguji : Dr. Rahmat, MA&#13;
Mentor : Devis Hendra. SP, MP</subfield>
    </datafield>
    <datafield tag="990" ind1="#" ind2="#">
      <subfield code="a">PKP/019/2020</subfield>
    </datafield>
  </record>
</collection>
